Focus on reptiles /

Guardado en:
Autor Principal: Parker, Steve
Formato: Libro
Publicado: New York : Shooting Star Press, 1994
Materias:
Etiquetas: Agregar Etiqueta
Sin Etiquetas, Sea el primero en etiquetar este registro!
LEADER 00801nam a22001815a 4500
001 CEM.cems016523
008 130507s1994##################000#0#####d
005 20231108114817.0
245 1 0 |a Focus on reptiles /  |c Steve Parker 
260 |a New York :  |b Shooting Star Press,  |c 1994 
300 |a 32 p. 
505 0 |a What are reptiles -- Reptiles of the past -- Shape and movement -- Scales and skin -- Color and camouflage -- Daily life -- Food and feeding -- Courtship and breedeing -- Crocodiles and alligators -- Posisonous snakes -- Nonpoisonous snakes -- Lizards -- Turtles and tortoises -- Reptile classification 
020 |a 1569240493 
100 1 |a Parker, Steve 
082 0 4 |a 428.64 
653 |a Reptiles 
653 |a Inglés-enciclopedias 
859 |a CEMS  |b BIB. CEMS - Agricultura  |h 428.64  |i P223  |p A17837.94  |t Ej.1